| 000 | 00488nam a2200181Ia 4500 | ||
|---|---|---|---|
| 005 | 20250923145307.0 | ||
| 008 | 008 250917s9999 xx 000 0 eng d | ||
| 037 | _aTextual | ||
| 040 |
_aDSWL _beng _cDSWL |
||
| 041 |
_aeng _2eng |
||
| 084 | _qDSWL | ||
| 100 |
_aFawcett, James T. _9833783 |
||
| 245 | 0 |
_aPsychology and Population _c by James T. Fawcett |
|
| 260 |
_aNew York _b Population Council _c1970 |
||
| 300 | _a149 p. | ||
| 942 | _cTEXL | ||
| 999 |
_c1449586 _d1449586 |
||